DoučMa - doučovanie, čo letí

Na minha lista:
Detalhes bibliográficos
Autor principal: Slávik, Štefan, 1955-
Formato: Capítulo de Livro
Idioma:eslovaco
Assuntos:
Tags: Adicionar Tag
Sem tags, seja o primeiro a adicionar uma tag!

MARC

LEADER 00000naa$a2200000$$$4500
001 0225977
005 20240502073717.4
041 0 |a slo 
044 |a SK 
245 1 0 |a DoučMa - doučovanie, čo letí  |c Štefan Slávik 
610 2 0 |a štúdie prípadové 
610 2 0 |a start-up 
610 2 0 |a internet 
610 2 0 |a stránky webové 
610 2 0 |a vzdelávanie mimoškolské 
610 2 0 |a študenti 
610 2 0 |a učitelia 
100 1 |a Slávik, Štefan, 1955-